[Event "RUS-chT Men Rapid 2019"]
[Site "Sochi"]
[Date "2019.10.18"]
[Round "2.23"]
[White "Radzhabov, Rodion"]
[Black "Keosidi, Konstantin"]
[Result "1-0"]
[WhiteElo "2404"]
[BlackElo "2400"]
[Annotator "TA"]
[PlyCount "129"]
[EventDate "2019.10.18"]
[EventType "swiss"]
[EventCountry "RUS"]
[SourceTitle "playchess.com"]
[Source "ChessBase"]
[SourceQuality "1"]

{[%evp 10,129,16,0,23,31,31,11,31,31,31,36,47,36,63,54,68,34,61,22,65,5,-4,0,0,0,0,-51,-21,-36,-28,-27,-21,-16,-10,-16,0,0,0,-4,0,0,0,-12,0,0,0,0,0,0,0,0,2,5,27,0,12,11,35,36,50,7,5,0,0,0,0,0,14,19,14,14,14,23,14,18,20,22,49,49,40,52,49,49,43,54,64,8,8,8,8,8,8,8,8,8,8,8,8,8,8,8,8,8,8,8,305,305,29978,29980,29982,29983,29984,29985,29985,29986,29986,29987,29987,29988,29988,29989]} 1. e4 e5 2. Nf3 Nf6 3. Nc3 Bb4 4. Bc4 O-O 5. O-O d6 6. d3 Be6 {C42: Petroff Defence: 3 Nxe5 and unusual White 3rd moves} (6... Bxc3 7. bxc3 Be6 8. Bb3 Nbd7 9. h3 h6 10. Re1 Re8 11. Nh4 d5 12. Qf3 Nc5 13. Bxd5 Bxd5 14. exd5 Qxd5 15. Ba3 e4 16. dxe4 Ncxe4 {½-½ (86) Prasanna Raghuram,R (2475)-Aguero Jimenez,L (2415) Barbera del Valles 2016}) 7. Bxe6 fxe6 8. Ne2 Nbd7 {The position is equal.} 9. c3 Ba5 10. a4 a6 $146 ({Predecessor:} 10... c6 11. Ng3 Qe7 12. Qe2 h6 13. d4 Bc7 14. b3 {1-0 (77) Larsen,B-Smyslov,V Las Palmas 1972}) 11. Ng3 Qe7 12. d4 exd4 13. cxd4 (13. b4 $5 {[%cal Rb4a5]}) 13... Kh8 14. Qe2 e5 15. dxe5 (15. d5 $1 $14) 15... Nxe5 $11 16. Nd4 Qd7 17. Kh1 Rae8 18. Bd2 (18. Bg5 $11) 18... Bxd2 (18... c5 {with more complications.} 19. Nc2 Bc7 20. Bg5 Neg4 21. f4 d5) 19. Qxd2 d5 20. exd5 $1 Nxd5 21. Nde2 c6 22. Nc3 Nf4 23. Qxd7 Nxd7 24. Rad1 Nf6 25. f3 N6d5 26. Nxd5 Nxd5 27. Rfe1 Nf6 28. Kg1 Kg8 29. Nf5 Rxe1+ 30. Rxe1 {[%mdl 4096] Endgame KRN-KRN} Re8 31. Kf2 Kf8 32. Rd1 Nd5 33. Nd6 Re7 34. a5 Nf4 35. Ne4 Re5 36. Rd7 Rb5 37. Nd6 Rxb2+ 38. Kg3 Nh5+ 39. Kh4 Nf6 40. Rf7+ Kg8 {[#] And now ...Rd2 would win.} 41. Rxb7 Rxb7 42. Nxb7 {KN-KN} Nd7 $1 43. Kg5 Kf7 44. Nd8+ Ke7 45. Nxc6+ Kd6 $1 {[%cal Rd6c6]} 46. Nb4 Nb8 47. h4 Kc5 $1 {[%cal Rc5b4]} 48. Nd3+ ({White should try} 48. Na2 $1 $14) 48... Kb5 49. h5 {[#] Kf5 is the strong threat.} Kxa5 50. h6 gxh6+ 51. Kxh6 Kb5 52. Kxh7 {Strongly threatening Nc1.} a5 53. g4 a4 54. g5 a3 {aiming for ...a2.} 55. Nc1 Nd7 56. f4 Kc4 57. f5 {Hoping for f6.} Kc3 $2 {[%mdl 8192]} (57... Kd5 $11 {and Black has nothing to worry.}) 58. g6 $18 {Threatens to win with g7.} Kc2 $2 (58... Nf6+ $18 59. Kg7 Nh5+ 60. Kh6 Nf6) 59. Na2 {White mates.} Kb3 60. g7 Nf6+ 61. Kg6 Ng8 62. f6 Kxa2 63. f7 Ne7+ 64. Kh7 Kb2 65. f8=Q {Accuracy: White = 75%, Black = 45%.} 1-0

[Event "RUS-chT Men Rapid 2019"]
[Site "Sochi"]
[Date "2019.10.18"]
[Round "2.24"]
[White "Dianov, Alexey"]
[Black "Remizov, Yaroslav"]
[Result "0-1"]
[WhiteElo "2158"]
[BlackElo "2394"]
[Annotator "NA"]
[PlyCount "98"]
[EventDate "2019.10.18"]
[EventType "swiss"]
[EventCountry "RUS"]
[SourceTitle "playchess.com"]
[Source "ChessBase"]
[SourceQuality "1"]
[TimeControl "900+10"]

1. e4 {[%emt 0:00:00]} c6 {[%emt 0:00:03]} 2. c4 {[%emt 0:00:00]} d5 {[%emt 0:00:05]} 3. cxd5 {[%emt 0:00:00]} cxd5 {[%emt 0:00:02]} 4. exd5 {[%emt 0:00:00]} Nf6 {[%emt 0:00:07]} 5. Qa4+ {[%emt 0:00:00]} Nbd7 {[%emt 0:02:03]} 6. Bc4 {[%emt 0:00:01]} g6 {[%emt 0:00:54]} 7. Nc3 {[%emt 0:00:01]} Bg7 {[%emt 0:00:35]} 8. Nf3 {[%emt 0:00:04]} O-O {[%emt 0:00:56]} 9. d3 {[%emt 0:00:03]} a6 {[%emt 0:02:09]} 10. Qa3 {[%emt 0:00:01]} Nb6 {[%emt 0:01:57]} 11. Qb3 {[%emt 0:00:04]} Nxc4 {[%emt 0:04:05]} 12. dxc4 {[%emt 0:00:02]} b5 {[%emt 0:00:49]} 13. cxb5 {[%emt 0:00:05]} Nxd5 {[%emt 0:00:47]} 14. Nxd5 {[%emt 0:03:32]} Be6 {[%emt 0:00:01]} 15. O-O {[%emt 0:00:13]} Bxd5 {[%emt 0:00:08]} 16. Qd3 {[%emt 0:01:05]} axb5 {[%emt 0:00:21]} 17. Qxb5 {[%emt 0:00:18]} Bxa2 {[%emt 0:01:57]} 18. Re1 {[%emt 0:01:20]} e6 {[%emt 0:00:42]} 19. Qe2 {[%emt 0:03:47]} Bd5 {[%emt 0:00:10]} 20. Rxa8 {[%emt 0:00:12]} Qxa8 {[%emt 0:00:01]} 21. Bf4 {[%emt 0:01:02]} Qb7 {[%emt 0:00:18]} 22. Bd6 {[%emt 0:01:33]} Rd8 {[%emt 0:00:12]} 23. Ba3 {[%emt 0:00:02]} Rb8 {[%emt 0:00:07]} 24. Bd6 {[%emt 0:00:23]} Rd8 {[%emt 0:00:11]} 25. Ba3 {[%emt 0:00:01]} h6 {[%emt 0:00:06]} 26. h3 {[%emt 0:00:23]} Rb8 {[%emt 0:00:11]} 27. Bd6 {[%emt 0:00:01]} Rd8 {[%emt 0:00:01]} 28. Ba3 {[%emt 0:00:01]} Rb8 {[%emt 0:00:01]} 29. Bd6 {[%emt 0:00:01]} Rc8 {[%emt 0:00:18]} 30. b4 {[%emt 0:00:33]} Rc4 {[%emt 0:00:22]} 31. Rb1 {[%emt 0:01:26]} Qb5 {[%emt 0:00:17]} 32. Qf1 {[%emt 0:01:20]} Bxf3 {[%emt 0:00:11]} 33. gxf3 {[%emt 0:00:03]} Qg5+ {[%emt 0:00:09]} 34. Bg3 {[%emt 0:00:16]} Rc3 {[%emt 0:00:10]} 35. b5 {[%emt 0:00:12]} Rxf3 {[%emt 0:00:11]} 36. Qg2 {[%emt 0:00:26]} Qf5 {[%emt 0:00:01]} 37. Rb4 {[%emt 0:00:32]} Bf8 {[%emt 0:00:10]} 38. Rb2 {[%emt 0:00:43]} Bg7 {[%emt 0:00:12]} 39. Rb4 {[%emt 0:00:45]} Bf8 {[%emt 0:00:01]} 40. Rb2 {[%emt 0:00:01]} Ba3 {[%emt 0:00:03]} 41. Rd2 {[%emt 0:00:50]} Bc5 {[%emt 0:00:19]} 42. Rd8+ {[%emt 0:00:17]} Kh7 {[%emt 0:00:01]} 43. Rc8 {[%emt 0:00:09]} Rc3 {[%emt 0:00:34]} 44. b6 {[%emt 0:00:16]} Bxf2+ {[%emt 0:00:03]} 45. Qxf2 {[%emt 0:00:03]} Qxf2+ {[%emt 0:00:16]} 46. Kxf2 {[%emt 0:00:03]} Rxc8 {[%emt 0:00:01]} 47. b7 {[%emt 0:00:00]} Re8 {[%emt 0:00:07]} 48. Ke3 {[%emt 0:00:09]} e5 {[%emt 0:00:08]} 49. Ke4 {[%emt 0:00:01]} Rb8 {[%emt 0:00:03]} 0-1

[Event "RUS-chT Men Rapid 2019"]
[Site "Sochi"]
[Date "2019.10.18"]
[Round "2.25"]
[White "Zakhartsov, Vladimir"]
[Black "Smirnov, Timofey"]
[Result "1/2-1/2"]
[WhiteElo "2514"]
[BlackElo "2354"]
[Annotator "ChessBase"]
[PlyCount "86"]
[EventDate "2019.10.18"]
[EventType "swiss"]
[EventCountry "RUS"]
[SourceTitle "playchess.com"]
[Source "ChessBase"]
[SourceQuality "1"]
[TimeControl "900+10"]

1. d4 {[%emt 0:00:00]} d5 {[%emt 0:00:00]} 2. c4 {[%emt 0:00:00]} c6 {[%emt 0:00:00]} 3. Nf3 {[%emt 0:00:03]} Nf6 {[%emt 0:00:00]} 4. Nc3 {[%emt 0:00:13]} dxc4 {[%emt 0:00:03]} 5. a4 {[%emt 0:00:01]} e6 {[%emt 0:00:13]} 6. e3 {[%emt 0:00:37]} c5 {[%emt 0:00:06]} 7. Bxc4 {[%emt 0:00:06]} Nc6 {[%emt 0:00:04]} 8. d5 {[%emt 0:00:37]} exd5 {[%emt 0:00:19]} 9. Nxd5 {[%emt 0:00:02]} Nxd5 {[%emt 0:03:56]} 10. Bxd5 {[%emt 0:00:04]} Be7 {[%emt 0:00:01]} 11. O-O {[%emt 0:00:33]} Nb4 {[%emt 0:01:37]} 12. Bc4 {[%emt 0:00:11]} Qxd1 {[%emt 0:00:13]} 13. Rxd1 {[%emt 0:00:02]} Be6 {[%emt 0:00:53]} 14. Bxe6 {[%emt 0:00:24]} fxe6 {[%emt 0:00:01]} 15. Bd2 {[%emt 0:00:03]} Bf6 {[%emt 0:01:15]} 16. Bc3 {[%emt 0:00:30]} Ke7 {[%emt 0:00:04]} 17. Rac1 {[%emt 0:00:54]} Bxc3 {[%emt 0:00:20]} 18. bxc3 {[%emt 0:01:19]} Nc6 {[%emt 0:00:01]} 19. Kf1 {[%emt 0:00:14]} Rhd8 {[%emt 0:00:17]} 20. Ke2 {[%emt 0:00:14]} b6 {[%emt 0:01:32]} 21. Ng5 {[%emt 0:00:12]} h6 {[%emt 0:00:03]} 22. Ne4 {[%emt 0:00:02]} Ne5 {[%emt 0:00:16]} 23. Rxd8 {[%emt 0:00:54]} Rxd8 {[%emt 0:00:02]} 24. a5 {[%emt 0:00:11]} Nc6 {[%emt 0:02:44]} 25. axb6 {[%emt 0:00:21]} axb6 {[%emt 0:00:01]} 26. Ra1 {[%emt 0:00:07]} Kd7 {[%emt 0:00:01]} 27. f4 {[%emt 0:00:16]} Kc7 {[%emt 0:00:14]} 28. g4 {[%emt 0:00:12]} c4 {[%emt 0:00:06]} 29. g5 {[%emt 0:00:46]} Rd3 {[%emt 0:01:25]} 30. gxh6 {[%emt 0:00:56]} gxh6 {[%emt 0:00:01]} 31. Rg1 {[%emt 0:00:03]} Ne7 {[%emt 0:00:00]} 32. Rd1 {[%emt 0:01:51]} Rxd1 {[%emt 0:01:43]} 33. Kxd1 {[%emt 0:00:01]} Nd5 {[%emt 0:00:01]} 34. Kd2 {[%emt 0:00:06]} b5 {[%emt 0:00:00]} 35. Ng3 {[%emt 0:00:14]} Kd6 {[%emt 0:00:07]} 36. f5 {[%emt 0:00:28]} Ke5 {[%emt 0:00:00]} 37. fxe6 {[%emt 0:00:14]} Kxe6 {[%emt 0:00:01]} 38. Ne2 {[%emt 0:00:06]} Ke5 {[%emt 0:00:43]} 39. Nd4 {[%emt 0:00:14]} Ke4 {[%emt 0:00:04]} 40. Nxb5 {[%emt 0:00:13]} Nxe3 {[%emt 0:00:02]} 41. Ke2 {[%emt 0:00:27]} h5 {[%emt 0:00:12]} 42. Nd6+ {[%emt 0:00:18]} Kf4 {[%emt 0:00:02]} 43. h4 {[%emt 0:03:03]} Nd5 {[%emt 0:00:24]} 1/2-1/2

[Event "RUS-chT Men Rapid 2019"]
[Site "Sochi"]
[Date "2019.10.18"]
[Round "2.26"]
[White "Gurvich, Vitaly"]
[Black "Bryakin, Mikhail"]
[Result "0-1"]
[WhiteElo "2278"]
[BlackElo "2440"]
[Annotator "TA"]
[PlyCount "52"]
[EventDate "2019.10.18"]
[EventType "swiss"]
[EventCountry "RUS"]
[SourceTitle "playchess.com"]
[Source "ChessBase"]
[SourceQuality "1"]

{[%evp 9,70,-7,29,26,29,22,32,24,31,27,39,14,16,16,24,8,24,9,14,12,10,7,10,-16,0,-21,0,-32,-37,-66,-38,-36,-30,-189,-148,-281,-181,-185,-188,-835,-831,-805,-794,-937,-842,-910,-886,-1297,-1120,-1853,-1824,-12839,-12839,-29986,-29987,-29987,-1311,-29991,-29992,-29994,-29994,-29995,-29992]} 1. d4 d5 2. c4 c6 3. cxd5 cxd5 4. Bg5 Nc6 5. Nc3 Nf6 (5... f6 {with more complications.} 6. Bh4 e5 7. e3 exd4 8. exd4 Bd6) 6. Bxf6 {D10: Slav Defence: 3 cxd5 (without early Nf3) and 3 Nc3} gxf6 7. e3 e6 (7... a6 8. Rc1 Bf5 9. Bd3 Bg6 10. f4 f5 11. h4 h5 12. Nf3 e6 13. Na4 f6 {½-½ (39) Grischuk,A (2761)-Carlsen,M (2832) Paris 2017}) 8. Bd3 {White is slightly better.} a6 9. Rc1 Bd6 10. Nge2 f5 11. g3 Bd7 12. a3 $146 ({Predecessor:} 12. Nf4 Rc8 13. Be2 Qb6 {½-½ (13) Petran,P (2320)-Balogh,T (2390) Tatranska Lomnica 1997}) 12... Rc8 13. b4 {[%cal Bb2b4,Bb4b5][%mdl 32]} a5 14. b5 Ne7 {[%cal Bc6e7,Be7g6,Bg6h4][%mdl 32]} 15. Qb3 O-O 16. Kd2 Kh8 17. h3 Ng6 18. f4 Qe7 $36 {[%mdl 2048] White is under pressure.} 19. Nb1 f6 20. Rxc8 Rxc8 21. g4 $2 (21. Rc1 $11 {and White has nothing to worry.}) 21... Nh4 $19 22. gxf5 (22. Nec3 $17) 22... exf5 {...a4! is the strong threat.} 23. Rf1 {[#]} a4 $1 {[%cal Ba5a4,Ba4a3,Ba3a2][%mdl 544]} 24. Qxd5 $2 (24. Qxa4 Re8 25. Kc2) 24... Be6 25. Qh1 Bxa3 26. Nbc3 Bb2 {Played: Ba3-b4} 0-1

[Event "RUS-chT Men Rapid 2019"]
[Site "Sochi"]
[Date "2019.10.18"]
[Round "2.27"]
[White "Golubov, Saveliy"]
[Black "Mikhailovsky, Vladimir"]
[Result "1-0"]
[WhiteElo "2469"]
[BlackElo "2209"]
[Annotator "ChessBase"]
[PlyCount "91"]
[EventDate "2019.10.18"]
[EventType "swiss"]
[EventCountry "RUS"]
[SourceTitle "playchess.com"]
[Source "ChessBase"]
[SourceQuality "1"]
[TimeControl "900+10"]

1. d4 {[%emt 0:00:00]} Nf6 {[%emt 0:00:00]} 2. Nf3 {[%emt 0:00:02]} g6 {[%emt 0:00:00]} 3. Bg5 {[%emt 0:00:21]} Bg7 {[%emt 0:00:02]} 4. Nbd2 {[%emt 0:00:03]} d5 {[%emt 0:00:49]} 5. c3 {[%emt 0:00:13]} O-O {[%emt 0:00:10]} 6. e3 {[%emt 0:00:27]} c6 {[%emt 0:01:09]} 7. Be2 {[%emt 0:02:19]} Nbd7 {[%emt 0:00:51]} 8. h3 {[%emt 0:00:09]} Re8 {[%emt 0:00:18]} 9. Bf4 {[%emt 0:00:04]} h6 {[%emt 0:01:58]} 10. O-O {[%emt 0:00:54]} Nh7 {[%emt 0:01:10]} 11. c4 {[%emt 0:03:54]} e5 {[%emt 0:03:21]} 12. dxe5 {[%emt 0:00:11]} g5 {[%emt 0:00:53]} 13. Bg3 {[%emt 0:00:32]} Nxe5 {[%emt 0:00:08]} 14. Nxe5 {[%emt 0:00:02]} Bxe5 {[%emt 0:00:03]} 15. Bxe5 {[%emt 0:00:03]} Rxe5 {[%emt 0:00:02]} 16. Nf3 {[%emt 0:00:03]} Re6 {[%emt 0:01:58]} 17. cxd5 {[%emt 0:00:23]} Rd6 {[%emt 0:00:02]} 18. e4 {[%emt 0:00:32]} cxd5 {[%emt 0:00:06]} 19. e5 {[%emt 0:00:11]} Rb6 {[%emt 0:00:14]} 20. Qd2 {[%emt 0:01:02]} Be6 {[%emt 0:00:19]} 21. Nd4 {[%emt 0:00:44]} Rc8 {[%emt 0:01:47]} 22. Bd3 {[%emt 0:01:18]} Qe7 {[%emt 0:01:51]} 23. a3 {[%emt 0:00:14]} f6 {[%emt 0:00:56]} 24. Rae1 {[%emt 0:01:33]} fxe5 {[%emt 0:00:17]} 25. Rxe5 {[%emt 0:00:04]} Qf6 {[%emt 0:00:08]} 26. Qe3 {[%emt 0:00:28]} Nf8 {[%emt 0:00:29]} 27. f4 {[%emt 0:00:24]} g4 {[%emt 0:00:01]} 28. hxg4 {[%emt 0:00:47]} Bxg4 {[%emt 0:00:07]} 29. b4 {[%emt 0:00:42]} a5 {[%emt 0:00:08]} 30. b5 {[%emt 0:00:08]} Rd6 {[%emt 0:00:05]} 31. Qg3 {[%emt 0:00:42]} Qg7 {[%emt 0:00:05]} 32. f5 {[%emt 0:00:51]} Nd7 {[%emt 0:00:22]} 33. Re3 {[%emt 0:00:25]} Qxd4 {[%emt 0:00:15]} 34. Rf4 {[%emt 0:00:01]} Qa1+ {[%emt 0:00:17]} 35. Re1 {[%emt 0:00:15]} Qf6 {[%emt 0:00:03]} 36. Rxg4+ {[%emt 0:00:06]} Kh8 {[%emt 0:00:02]} 37. Kh2 {[%emt 0:00:16]} Rb6 {[%emt 0:00:29]} 38. Rg6 {[%emt 0:00:12]} Qf8 {[%emt 0:00:06]} 39. Ree6 {[%emt 0:00:26]} Rxe6 {[%emt 0:00:04]} 40. fxe6 {[%emt 0:00:03]} Nf6 {[%emt 0:00:17]} 41. Qe5 {[%emt 0:00:03]} Qe7 {[%emt 0:00:17]} 42. Qxf6+ {[%emt 0:00:14]} Qxf6 {[%emt 0:00:02]} 43. Rxf6 {[%emt 0:00:01]} Kg7 {[%emt 0:00:06]} 44. Rf7+ {[%emt 0:00:02]} Kg8 {[%emt 0:00:01]} 45. Rxb7 {[%emt 0:00:01]} Re8 {[%emt 0:00:03]} 46. Bg6 {[%emt 0:00:05]} 1-0

[Event "RUS-chT Men Rapid 2019"]
[Site "Sochi"]
[Date "2019.10.18"]
[Round "2.28"]
[White "Girshgorn, Leonid"]
[Black "Apryshko, Gleb"]
[Result "1-0"]
[WhiteElo "2183"]
[BlackElo "2382"]
[Annotator "TA"]
[PlyCount "121"]
[EventDate "2019.10.18"]
[EventType "swiss"]
[EventCountry "RUS"]
[SourceTitle "playchess.com"]
[Source "ChessBase"]
[SourceQuality "1"]

{[%evp 12,158,31,28,39,51,70,29,41,10,10,16,18,16,16,16,52,18,14,0,0,0,0,-43,-11,-16,-15,-24,-11,-73,46,50,48,51,100,63,57,67,114,113,116,127,127,120,115,89,100,95,127,119,110,27,47,29,56,51,63,50,179,35,240,35,91,97,104,91,93,-16,-15,-19,-19,-85,0,0,70,70,96,127,118,93,116,115,78,113,702,630,1283,1251,1452,1129,956,420,408,412,405,400,392,331,855,824,1097,1097,1090,995,995,988,814,757,1713,732,722,702,697,643,608,571,681,604,657,638,1724,1627,1373,1552,1323,865,855,844,788,722,1068,750,710,709,29953,1956,1947,1949,1923,1919,1768,1671,1668,1187,1187,1187,1187,917,29999]} 1. Nf3 Nf6 2. g3 b5 3. Bg2 Bb7 4. O-O c5 5. d3 e6 6. e4 d6 7. Re1 Qb6 $146 {A05: Réti Opening: 1 Nf3 Nf6} ({Predecessor:} 7... Be7 8. a4 b4 9. Nbd2 Nc6 10. Nc4 O-O 11. b3 d5 12. exd5 Nxd5 13. Bb2 Bf6 14. Nfe5 Nce7 15. Qd2 {1-0 (48) Zhao,J (2607)-Lu,S (2636) Tianjin 2018}) 8. a4 a6 9. Be3 Ng4 {White has an edge.} 10. Bf4 Nc6 11. h3 Nge5 12. Nxe5 dxe5 13. Be3 Rd8 14. Nd2 Be7 15. Rb1 Qc7 16. axb5 axb5 17. Nb3 c4 18. Nc5 Bc8 {Strongly threatening ...Nb4.} 19. b4 O-O 20. Qg4 {[#]} (20. Qc1 $11) 20... Nd4 ({Better is} 20... Nxb4 $1 $17 {[%mdl 512]} 21. Bh6 (21. Rxb4 Bxc5) 21... Bf6 22. Rxb4 Qxc5) 21. Bh6 $1 $14 {[%csl Gh6][%cal Rg4g7]} Bf6 22. c3 $40 {[%mdl 128] White has some attack.} Nc2 23. Rec1 cxd3 24. Bf1 Na3 25. Ra1 $1 {[%cal Ra1a3]} d2 26. Rd1 $1 Nc4 ({Don't blunder} 26... Nc2 $2 27. Ra2 $18) 27. Bxc4 $1 bxc4 28. Rxd2 Rxd2 29. Bxd2 Bd7 30. Be3 Bb5 31. Qe2 ({White should play} 31. Bg5 $16 {Threatening mate with Bxf6.} Bxg5 32. Qxg5) 31... Rd8 32. Qa2 Qc6 33. Qa7 h6 34. Kh2 Qe8 (34... Rc8 $14) 35. Ra5 ({White must play} 35. Nb7 $1 $18) 35... Rb8 $2 (35... Rd1 $1 $14) 36. Qc7 $2 (36. Nb7 $1 $18 {[%cal Rb7d6]} Bc6 37. Nd6 {[%mdl 64] Double Attack}) 36... Rc8 (36... Qd8 $14 37. Qxd8+ Bxd8) 37. Qb6 $1 $16 {[%cal Rb6b5]} Rb8 38. Nb7 $1 Bc6 39. Ra7 (39. Nd6 $16 Rxb6 40. Nxe8) 39... Bxe4 $11 {Threatens to win with ...Qe7.} 40. Qc7 Rc8 41. Qa5 (41. Nd6 $11 Rxc7 42. Nxe8 Rxa7 43. Nxf6+ gxf6 44. Bxa7) 41... Bxb7 (41... Qc6 $17 42. Qc5 Rc7) 42. Rxb7 Qc6 ({Black should try} 42... Qd8 $11) 43. Qa7 $14 Rf8 {[#]} 44. b5 $1 {[%cal Rb5c6]} ({Don't play} 44. Bc5 Rc8 $14) 44... Qf3 45. Rb8 Rxb8 46. Qxb8+ Kh7 47. b6 {[%mdl 1024] Hoping for b7. White has strong compensation.} h5 $2 {[%mdl 8192]} (47... Bg5 $16) 48. h4 Qd5 49. b7 e4 50. Qc7 Be5 51. b8=Q (51. Qxf7 $142 {Bd4 is the strong threat.} Qc6 52. Qxh5+ Kg8 53. Qxe5 Qxb7 54. Qxe6+ Kh8 55. h5 Qb8 56. Bd4) 51... Bxc7 $18 52. Qxc7 Kg6 53. Qf4 f6 {aiming for ...e5.} 54. Qb8 Kf5 $2 (54... Kf7 55. Bd4 Qd7) 55. Qe8 g6 56. Qf7 Qc6 57. Bd4 e5 58. Be3 Qc8 59. Kg2 Qc6 {[#]} 60. Kh3 (60. g4+ $142 $1 hxg4 (60... Kxg4 61. Qxg6+) 61. Qh7) 60... Qc8 61. Bc5 {Played: Qf7-d5} 1-0

[Event "RUS-chT Men Rapid 2019"]
[Site "Sochi"]
[Date "2019.10.18"]
[Round "3.2"]
[White "Potkin, Vladimir"]
[Black "Iljin, Artem"]
[Result "1/2-1/2"]
[WhiteElo "2583"]
[BlackElo "2509"]
[Annotator "ChessBase"]
[PlyCount "131"]
[EventDate "2019.10.18"]
[EventType "swiss"]
[EventCountry "RUS"]
[SourceTitle "playchess.com"]
[Source "ChessBase"]
[SourceQuality "1"]
[TimeControl "900+10"]

1. c4 {[%emt 0:00:00]} e6 {[%emt 0:00:00]} 2. Nc3 {[%emt 0:00:05]} d5 {[%emt 0:00:00]} 3. d4 {[%emt 0:00:04]} Nf6 {[%emt 0:00:02]} 4. cxd5 {[%emt 0:00:04]} exd5 {[%emt 0:00:03]} 5. Bg5 {[%emt 0:00:03]} c6 {[%emt 0:00:02]} 6. e3 {[%emt 0:00:02]} Be7 {[%emt 0:00:10]} 7. Bd3 {[%emt 0:00:03]} Nbd7 {[%emt 0:00:04]} 8. Qc2 {[%emt 0:00:07]} h6 {[%emt 0:00:05]} 9. Bh4 {[%emt 0:00:07]} Nh5 {[%emt 0:00:05]} 10. Bxe7 {[%emt 0:00:03]} Qxe7 {[%emt 0:00:02]} 11. Nge2 {[%emt 0:00:06]} Nb6 {[%emt 0:00:09]} 12. O-O {[%emt 0:00:33]} O-O {[%emt 0:00:08]} 13. Rab1 {[%emt 0:00:55]} Bd7 {[%emt 0:03:12]} 14. b4 {[%emt 0:00:05]} a6 {[%emt 0:00:04]} 15. Nc1 {[%emt 0:00:25]} g6 {[%emt 0:01:55]} 16. a4 {[%emt 0:02:06]} Ng7 {[%emt 0:03:51]} 17. b5 {[%emt 0:00:03]} axb5 {[%emt 0:00:15]} 18. axb5 {[%emt 0:00:01]} c5 {[%emt 0:00:20]} 19. dxc5 {[%emt 0:00:25]} Qxc5 {[%emt 0:00:02]} 20. Nb3 {[%emt 0:00:23]} Qe7 {[%emt 0:00:39]} 21. Nd4 {[%emt 0:00:27]} Rfc8 {[%emt 0:01:05]} 22. Qd2 {[%emt 0:00:39]} Ne6 {[%emt 0:01:38]} 23. Nce2 {[%emt 0:00:53]} Nc5 {[%emt 0:01:22]} 24. Nf4 {[%emt 0:00:16]} Ne4 {[%emt 0:00:25]} 25. Bxe4 {[%emt 0:00:28]} dxe4 {[%emt 0:00:06]} 26. Rfd1 {[%emt 0:00:22]} Rc5 {[%emt 0:01:40]} 27. h3 {[%emt 0:00:43]} Ra4 {[%emt 0:00:41]} 28. Ra1 {[%emt 0:01:02]} Rxa1 {[%emt 0:00:19]} 29. Rxa1 {[%emt 0:00:01]} Qd6 {[%emt 0:00:35]} 30. Qb2 {[%emt 0:00:41]} Bc8 {[%emt 0:00:21]} 31. Rd1 {[%emt 0:00:15]} Qc7 {[%emt 0:00:06]} 32. Nde2 {[%emt 0:00:53]} Qe7 {[%emt 0:00:18]} 33. Ng3 {[%emt 0:00:40]} Kh7 {[%emt 0:00:22]} 34. Nxe4 {[%emt 0:02:24]} Qxe4 {[%emt 0:00:08]} 35. Qf6 {[%emt 0:00:01]} Qf5 {[%emt 0:00:25]} 36. Qxb6 {[%emt 0:00:03]} Rxb5 {[%emt 0:00:03]} 37. Qc7 {[%emt 0:01:26]} Rb1 {[%emt 0:00:04]} 38. Rxb1 {[%emt 0:00:09]} Qxb1+ {[%emt 0:00:01]} 39. Kh2 {[%emt 0:00:01]} Qf5 {[%emt 0:00:02]} 40. e4 {[%emt 0:00:52]} Qd7 {[%emt 0:00:03]} 41. Qe5 {[%emt 0:00:01]} h5 {[%emt 0:00:39]} 42. Nd5 {[%emt 0:00:17]} Qe6 {[%emt 0:00:04]} 43. Qd4 {[%emt 0:00:19]} b5 {[%emt 0:00:17]} 44. Nf6+ {[%emt 0:00:44]} Kh6 {[%emt 0:00:01]} 45. f4 {[%emt 0:01:12]} Bb7 {[%emt 0:00:21]} 46. Qd8 {[%emt 0:00:46]} Qc8 {[%emt 0:00:01]} 47. Qe7 {[%emt 0:00:09]} Kg7 {[%emt 0:00:04]} 48. Qe5 {[%emt 0:00:04]} Qe6 {[%emt 0:00:27]} 49. Nxh5+ {[%emt 0:00:11]} Kf8 {[%emt 0:00:04]} 50. Qb8+ {[%emt 0:00:28]} Bc8 {[%emt 0:00:17]} 51. f5 {[%emt 0:00:11]} gxf5 {[%emt 0:00:09]} 52. Nf4 {[%emt 0:00:01]} Qe8 {[%emt 0:00:08]} 53. Qd6+ {[%emt 0:00:35]} Qe7 {[%emt 0:00:05]} 54. Qh6+ {[%emt 0:00:05]} Ke8 {[%emt 0:00:08]} 55. Qh8+ {[%emt 0:00:33]} Kd7 {[%emt 0:00:05]} 56. Qd4+ {[%emt 0:00:11]} Qd6 {[%emt 0:00:05]} 57. Qa7+ {[%emt 0:00:15]} Ke8 {[%emt 0:00:25]} 58. e5 {[%emt 0:00:28]} Qxe5 {[%emt 0:00:06]} 59. Kg3 {[%emt 0:00:01]} Bd7 {[%emt 0:00:16]} 60. Qb6 {[%emt 0:00:08]} Qc3+ {[%emt 0:00:13]} 61. Kh2 {[%emt 0:00:01]} Qe5 {[%emt 0:00:02]} 62. Kg3 {[%emt 0:00:02]} Qe1+ {[%emt 0:00:15]} 63. Kh2 {[%emt 0:00:03]} Qe5 {[%emt 0:00:02]} 64. Kg3 {[%emt 0:00:01]} Qe1+ {[%emt 0:00:20]} 65. Kh2 {[%emt 0:00:02]} Qe5 {[%emt 0:00:10]} 66. Kg3 1/2-1/2